| 000 | 04473nam a2200421Ia 4500 | ||
|---|---|---|---|
| 001 | dia_3234 | ||
| 003 | CHAP | ||
| 005 | 20250617172527.0 | ||
| 007 | ta | ||
| 008 | 220117s1998 mx ado fr 001 0 spa d | ||
| 010 | _a173732 | ||
| 020 | _a84-89660-36-0 | ||
| 040 |
_cCHAP _amxchpua _erda |
||
| 041 |
_aspa _bspa _fspa _heng |
||
| 050 | 1 |
_aQR41.2 _b.M34 1998 |
|
| 082 |
_220 _a576 _bM34 1998 |
||
| 100 | 1 |
_aMadigan, Michael T. _969687 _eautor |
|
| 240 | 1 | 0 |
_aBrock. Biology of microorganisms. _lEspañol |
| 245 | 1 | 0 |
_aBrock. Biología de los microorganismos / _cMichael T. Madigan, John M. Martinko y Jack Parker ; traductor Mariano Gacto Fernández...[et al.] |
| 250 | _a8a edición | ||
| 264 |
_aEspaña : _bPrentice Hall, _c1998 |
||
| 300 |
_axviii, 774 p. : _bilustraciones, gráficas, diagramas, tablas, fotos |
||
| 336 |
_atexto _btxt _2rdacontent |
||
| 337 |
_asin media _bn _2rdamedia |
||
| 338 |
_avolumen _bnc _2rdacarrier |
||
| 504 | _aIncluye bibliografías | ||
| 505 | 0 | _aPrefacio -- 1. Introducción: panorámica general de la microbiología y biología celular -- 2. Química celular -- 3. Biología celular -- 4. Nutrición y metabolismo -- 5. Crecimiento microbiano -- 6. Macromoléculas y genética molecular -- 7. Regulación de la expresión génica -- 8. Virus -- 9. Genética microbiana -- 10. Ingeniería genética y biotecnología -- 11. Control del crecimiento microbiano -- 12. Microbiología industrial -- 13. Diversidad metabólica de los microorganismos -- 14. Ecología microbiana -- 15. Evolución sistemática y taxonomías microbianas -- 16. Diversidad precariótica: dominio Bacteria -- 17. Diversidad precariótica: dominio Archaea -- 18. Eukarya: microorganismos eucarióticos -- 19. Relaciones hospedador-parásito -- 20. Conceptos de inmunología -- 21. Microbiología e inmunología clínica y diagnóstica -- 22. Epidiomiología y microbiología sanitaria -- 23. Principales enfermedades microbianas -- Apéndices -- Glosario -- Índice | |
| 520 | 2 | _aEstamos ante una nueva edad de oro de la microbiología. En pocos meses es posible secuenciar el genoma completo de una nueva bacteria: nuestro conocimiento de las bases moleculares de la enfermedad se ha incrementado hasta límites insospechados, hemos penetrado en la historia evolutiva de los microrganismos y las oportunidades profesionales en las ciencias biomédicas aumentan sin precedentes anteriores. Es, por tanto, un buen momento para estudiar microbiología. Nos llena de satisfacción introducir a los estudiantes al campo de la microbiología tal como es hoy en día, esto es lo que hemos pretendido con Biología de los Microorganismos de Brock 8a edición. Como en ediciones anteriores, este libro presenta los conceptos esenciales de la microbiología y los ilustra con las últimas informaciones científicas de la literatura. Sin embargo, nuestra meta principal es la misma de siempre: explicar la ciencia básica y las aplicaciones de la microbiología a un nivel tal que pueda ser seguido por un estudiante que se inicie en este campo, pero al mismo tiempo generando el suficiente interés en esta área de la biología. Con esta nueva edición ha cambiado el título de nuestro libro ya que Thomas D. Brock (el «arquitecto» de las siete ediciones previas «Biología de los Microorganismos») ha pasado la antorcha a sus coautores. Sin embargo, el lector puede estar seguro de que estamos firmemente decididos a mantener la alta reputación que este libro ha gozado en el último cuarto de siglo. Es por tanto pertinente incorporar el nombre de Brock al título porque, aunque él ya no es coautor del mismo, La Biología de los Microorganismos de Brock 8a ed. continúa haciendo hincapié la ciencia bien documentada, una filosofía que hizo de Thomas Brock uno de los primeros científicos y educadores del último medio siglo. Los actuales autores de BBOM 8," ed. han incorporado esta filosofía en las tres áreas mayoritarias de la microbiología hoy: general (Madigan), genética molecular (Parker), y médica/inmunología (Martinko). | |
| 650 | 1 | 3 |
_aMicrobiología _975490 _2atg |
| 650 | 1 | 3 |
_aMicrobiology _9150556 _2atg |
| 700 | 1 |
_aMartinko, John M. _971672 _eautor |
|
| 700 | 1 |
_aParker, Jack _985593 _eautor |
|
| 700 | 1 |
_aGacto Fernández Mariano _9140831 _etraductor |
|
| 901 | _a576 M34 1998 | ||
| 902 | _aM | ||
| 905 | _a5232271998 SP adin8222223322SPA16 | ||
| 942 |
_cLIBRO _2ddc |
||
| 999 |
_c173732 _d173732 |
||